000 00799nam a2200277Ia 4500
003 OSt
005 20220918221936.0
006 a|||||r|||| 00| 0
007 ta
008 220917b |||||||| |||| 00| 0 eng d
024 _a213,452
037 _cTextual
040 _aARTS
_cARTS
_beng
041 _2eng
_aeng
082 _aWxI69:1, N2
100 _aMachiavelli Niccolo
245 0 _aPrince
_b A revised translation backgrounds interpretations marginalia
250 _a2nd
260 _aNewYork
_bW.W.Norton & co.
_c1992
300 _axix, 288 p
_ccm.
490 _aA noton critical edition
650 _aPOLITICAL SCIENCE
700 _a Adams Robert M. Ed.
942 _hWxI69:1, N2
_cTEXL
_2CC
999 _c274054
_d274054